Central Library OPAC University of Rajshahi

সাহিত্য পথে / (Record no. 44208)

MARC details
000 -LEADER
fixed length control field 00789nam a2200217 a 4500
001 - CONTROL NUMBER
control field 44208
003 - CONTROL NUMBER IDENTIFIER
rucl marc code BD-RjUL
005 - DATE AND TIME OF LATEST TRANSACTION
control field 20211209053821.0
008 - FIXED-LENGTH DATA ELEMENTS--GENERAL INFORMATION
fixed length control field 160714s1960 bg ||||| |||| 00| 0 ben d
035 ## - SYSTEM CONTROL NUMBER
System control number (BD-RjUL)44326
040 ## - CATALOGING SOURCE
Original cataloging agency BD-RjUL
Language of cataloging ben
Transcribing agency BD-RjUL
041 ## - LANGUAGE CODE
Language code of text/sound track or separate title ben
082 ## - DEWEY DECIMAL CLASSIFICATION NUMBER
Edition number 23
Classification number 891.4409
Author mark and year ISS 1960
100 ## - MAIN ENTRY--PERSONAL NAME
Personal name ইসলাম, মযহারুল
9 (RLIN) 135741
245 10 - TITLE STATEMENT
Title সাহিত্য পথে /
Statement of responsibility, etc. মযহারুল ইসলাম
260 ## - PUBLICATION, DISTRIBUTION, ETC. (IMPRINT)
Place of publication, distribution, etc. ঢাকা :
Name of publisher, distributor, etc. গ্রেট বেঙ্গল লাইব্রেরী,
Date of publication, distribution, etc. ১৯৬০
300 ## - PHYSICAL DESCRIPTION
Pagination [৬], ২৫৯ পৃ. ;
Size ২২ সেমি.
650 ## - SUBJECT ADDED ENTRY--TOPICAL TERM
Topical term or geographic name as entry element বাংলা সাহিত্য
General subdivision ইতিহাস
9 (RLIN) 135742
Topical term or geographic name as entry element Bengali Literature
General subdivision History
9 (RLIN) 135743
942 ## - ADDED ENTRY ELEMENTS (KOHA)
Source of classification or shelving scheme Dewey Decimal Classification
Koha item type Books
Holdings
Lost status Source of classification or shelving scheme Damaged status Not for loan Collection code Permanent Location Current Location Shelving location Date acquired Source of acquisition Total Checkouts Full call number Date last seen Copy number Koha item type Cost, normal purchase price
  Dewey Decimal Classification     Non-fiction Central Library, University of Rajshahi Central Library, University of Rajshahi   10/07/1990 Sawkat Osman   B 891.4409 ISS 1960 14/07/2016 C-2 Books  
  Dewey Decimal Classification     Non-fiction Central Library, University of Rajshahi Central Library, University of Rajshahi   12/01/1965 Ideal Library, Dhaka   B 891.4409 ISS 1960 27/09/2016 C-3 Books 5.25
  Dewey Decimal Classification     Non-fiction Central Library, University of Rajshahi Central Library, University of Rajshahi   16/12/1966 N/A   B 891.4409 ISS 1960 03/10/2016 C-4 Books 5.25
  Dewey Decimal Classification     Non-fiction Central Library, University of Rajshahi Central Library, University of Rajshahi   12/01/1965 Ideal Library, Dhaka   B 891.4409 ISS 1960 23/10/2016 C-5 Books 5.25
  Dewey Decimal Classification     Non-fiction Central Library, University of Rajshahi Central Library, University of Rajshahi   12/01/1965 Dhaka, Ideal library   B 891.4409 ISS 1960 22/11/2016 C-6 Books 5.25
  Dewey Decimal Classification     Non-fiction Central Library, University of Rajshahi Central Library, University of Rajshahi   16/02/1967 Nowrose kitabitan, Dhaka.   B 891.4409 ISS 1960 24/11/2016 C-7 Books 5.50
  Dewey Decimal Classification     Non-fiction Central Library, University of Rajshahi Central Library, University of Rajshahi   16/12/1966 N/A   B 891.4409 ISS 1960 24/11/2016 C-8 Books 5.25
  Dewey Decimal Classification     Non-fiction Central Library, University of Rajshahi Central Library, University of Rajshahi   16/12/1966 N/A   B 891.4409 ISS 1960 24/11/2016 C-9 Books 5.25
  Dewey Decimal Classification   Not For Loan Non-fiction Central Library, University of Rajshahi Central Library, University of Rajshahi Reading Room 12/01/1965 Ideal Library, Dhaka   B 891.4409 ISS 1960 22/02/2017 C-1 Books 5.25
  Dewey Decimal Classification     Non-fiction Central Library, University of Rajshahi Central Library, University of Rajshahi General Stacks 14/09/2025     B 891.4409 ISS 1960 14/09/2025 C-10 Books